LIBRARY & INFORMATION CENTRE, KCAET, TAVANUR

ONLINE PUBLIC ACCESS CATALOGUE (OPAC)

Hand book of water resources in India: development, management and strategies / (Record no. 13268)

MARC details
000 -LEADER
fixed length control field 00461cam a2200157ua 4500
003 - CONTROL NUMBER IDENTIFIER
control field OSt
008 - FIXED-LENGTH DATA ELEMENTS--GENERAL INFORMATION
fixed length control field 250812b |||||||| |||| 00| 0 eng d
041 ## - LANGUAGE CODE
Language code of text/sound track or separate title eng
082 ## - DEWEY DECIMAL CLASSIFICATION NUMBER
Classification number 627.0954
Item number BRI/HA
100 ## - MAIN ENTRY--AUTHOR NAME
Personal name Briscoe, John .
245 00 - TITLE STATEMENT
Title Hand book of water resources in India: development, management and strategies /
260 ## - PUBLICATION, DISTRIBUTION, ETC. (IMPRINT)
Place of publication Calcutta :
Name of publisher Oxford University Press ,
Year of publication 2007.
300 ## - PHYSICAL DESCRIPTION
Number of Pages 364 ;
Accompanying material CD.
700 1# - ADDED ENTRY--PERSONAL NAME
Personal name Malik, R P S .
942 ## - ADDED ENTRY ELEMENTS (KOHA)
Koha item type Books
Holdings
Withdrawn status Lost status Damaged status Home library Current library Date acquired Full call number Accession Number Koha item type
      KAUAET KAUAET 07/04/2012 627.0954 BRI/HA 21720 Books
free website counter